| 000 | 00628nam a2200205Ia 4500 | ||
|---|---|---|---|
| 008 | 210417s9999 xx 000 0 und d | ||
| 020 | _a9781781549223 | ||
| 020 | _b1781549222 | ||
| 082 | _a621.382 MAJ.2 | ||
| 082 | _b22.621.382 MAJ.0.2 | ||
| 245 | 0 | _aEncyclopaedia of electronic communication systems | |
| 245 | 0 | _cEncyclopaedia of electronic communication systems | |
| 250 | _a1st ed. | ||
| 250 | _b"281 p.: .illl. ; 22 cm. ,hbk." | ||
| 260 | _aLondon | ||
| 260 | _bAuris Refeernce Ltd | ||
| 260 | _c2017 | ||
| 700 | _a"Majdabadi, Abbas " | ||
| 700 | _b"Abbas Majdabadi, Pekka Janis and EI-Hassane Aglzim et al." | ||
| 999 |
_c484259 _d484259 |
||